00424nam a2200193Ia 4500003000900000008004100009040001300050040001300063041000800076100001800084245003600102250001200138260001500150260000900165300001100174300001200185490002700197490000600224IT-RoPAU120407s9999 xx 000 0 und d aIT-RoPAU cIT-RoPAU aita aMarcel Pacaud aMonaci e religiosi nel Medioevo aBologna aIl Mulino  c1989 a346 p. c21,3 cm aLe vie della civiltà v1